Statistics for Top 100 Golf Courses in the World

Click here to take the quiz!

General Stats

  • This quiz has been taken 69 times
  • The average score is 13 of 100

Answer Stats

HintAnswer% Correct
12Augusta National
83%
7St Andrews (Old Course)
83%
16Pebble Beach
81%
62Bethpage (Black)
46%
28Pinehurst (No.2)
37%
36Carnoustie (Championship)
35%
83Kiawah Island Resort (Ocean Course)
33%
2Pine Valley
33%
8Oak Mont
31%
1Cypress Point
30%
14Royal Portrush
30%
4Shinnecock Hills
30%
10Trump Turnberry
30%
85Whistling Straits (Straits Course)
30%
11Muirfield
28%
34Winged Foot (West Course)
28%
40Royal Birkdale
26%
3Royal County Down
26%
15Merion (East Course)
24%
65Royal Lytham & St Annes
24%
19Royal St George's
24%
73Bandon Dunes (Bandon Dunes)
20%
21Bandon Dunes (Pacific Dunes)
20%
30Riviera
20%
6Royal Melbourne (West Course)
20%
97Baltusrol (Lower Course)
19%
38Seminole
19%
17Ballybunion (Old Course)
17%
23Los Angeles (North Course)
17%
13Royal Dornoch
17%
87Southern Hills (Championship Course)
15%
53Sunningdale (New Course)
15%
22Sunningdale (Old Course)
15%
48The Country Club (Clyde & Squirrel)
15%
18Fishers Island
13%
45Kings Barns
13%
5National Golf Links of America
13%
76Oak Hill (East Course)
13%
100Real Valderrama
13%
29Tara Iti
13%
9Sand Hills
11%
42Cabot Cliffs
9%
31Chicago
9%
27Friar's Head
9%
32North Berwick (West Course)
9%
63Royal Aberdeen Balgownie
9%
84Cape Kidnappers
7%
20Kingston Heath
7%
35Prairie Dunes
7%
26Barnbougle Dunes
6%
90Barnbougle Lost Farm
6%
82Cabot Links
6%
55Castle Stuart
6%
68Cruden Bay (Championship Course)
6%
69Ganton
6%
33Lahinch (Old Course)
6%
91Myopia Hunt
6%
44Portmarnock (Championship Course)
6%
71Royal Porthcawl
6%
47Swinley Forest
6%
52Ballyneal
4%
88Casa de Campo (Teeth of the Dog Course)
4%
24Crystal Downs
4%
49New South Wales
4%
59Old Town
4%
93Royal Cinque Ports
4%
37San Francisco
4%
89Sleepy Hollow (Upper)
4%
74St Enodoc (Church Course)
4%
66Trump International Golf Links - Scotland
4%
60Woodhall Spa (Hotchkin)
4%
70Ardfin
2%
75Bandon Dunes (Bandon Trails)
2%
56California Golf Club of San Fransisco
2%
50Camargo
2%
58Cape Wickham
2%
81CapRock Ranch
2%
92Eastward Ho!
2%
77Ellerston
2%
57Garden City Golf Club
2%
25hirono
2%
94Inverness Club
2%
46Kawana (Fuji)
2%
78Koninklijke Haagsche
2%
96Lofoten Links
2%
61Maidstone
2%
39Morfontaine (Grand Parcours)
2%
86Naruo
2%
54Oakland Hills (South Course)
2%
95Paraparaumu Beach
2%
98Rock Creek Cattle Company
2%
41Rosapenna (St Patrick's)
2%
99Santapazienza
2%
51Shanqin Bay
2%
43Somerset Hills
2%
79South Cape Owners Club
2%
67St George's Golf & Country Club
2%
80Utrecht de Pan
2%
64Shortacres
0%
72St George's Hall (Red & Blue Courses)
0%

Score Distribution

Percentile by Number Answered

Percent of People with Each Score

Your Score History

You have not taken this quiz